000 00321nam a22001457a 4500
020 _a978-81-934226-0-1
041 _aENG
100 _aShankar
245 _aEnvironment
250 _a6th
260 _aTamil.Nadu
_bShankar ias Academy Book PUB
_c2018
300 _a363
650 _aUPSC
856 _uCompetitive Exam
999 _c154
_d154